| 000 | 00733cam a2200265 4500 | ||
|---|---|---|---|
| 001 | 2655762 | ||
| 003 | NUST - PNEC | ||
| 005 | 20170116181058.0 | ||
| 008 | 691126s1969 enkak b 001 0 eng | ||
| 010 | _a 70431577 | ||
| 015 | _aB*** | ||
| 020 | _a0712115064 | ||
| 040 |
_aDLC _cLIBRARY _dDLC |
||
| 050 | 0 | 0 |
_aHF5547 _b.D392 1969 |
| 082 | 0 | 0 |
_a658 DEN _219 |
| 100 | 1 | _aDenyer, J. C. | |
| 245 | 0 | 0 |
_aOffice management _c[by] J. C. Denyer. |
| 260 |
_aLondon, _bMacdonald and Evans, _cc.1959 |
||
| 300 |
_axiv, 509 p. _billus., forms. _c22 cm. |
||
| 350 | _a35/- | ||
| 504 | _aBibliography: p. 495-497. | ||
| 650 |
_aOffice management _912191 _xMIS |
||
| 906 |
_a7 _bcbc _corignew _du _encip _f19 _gy-gencatlg |
||
| 942 |
_2ddc _cBK |
||
| 999 |
_c68644 _d68644 |
||